UK 2004 The Official year book of the UK of Great Britin and new ireland (Record no. 298325)

000 -LEADER
fixed length control field 00338 a2200121 4500
001 - CONTROL NUMBER
control field 63252
082 ## - DEWEY DECIMAL CLASSIFICATION NUMBER
Classification number 941.3510005 UK
090 ## - LOCALLY ASSIGNED LC-TYPE CALL NUMBER (OCLC); LOCAL CALL NUMBER (RLIN)
-- 37317
-- 37317
100 ## - MAIN ENTRY--PERSONAL NAME
Personal name UK GOVT LONDON
245 ## - TITLE STATEMENT
Title UK 2004 The Official year book of the UK of Great Britin and new ireland
Medium English
260 ## - PUBLICATION, DISTRIBUTION, ETC.
Place of publication, distribution, etc. London, UK
Name of publisher, distributor, etc. UK Govt London
300 ## - PHYSICAL DESCRIPTION
Extent 522p
942 ## - ADDED ENTRY ELEMENTS (KOHA)
Institution code [OBSOLETE] CAE NUST
Call number prefix 941.3510005 UK
Holdings
Withdrawn status Lost status Damaged status Not for loan Collection code Permanent Location Current Location Date acquired Total Checkouts Full call number Barcode Date last seen Price effective from Koha item type
          College of Aeronautical Engineering (CAE) College of Aeronautical Engineering (CAE) 04/03/2017   941.3510005 UK CAEG-5593 04/05/2017 04/05/2017 Book
© 2023 Central Library, National University of Sciences and Technology. All Rights Reserved.